भारतीय अर्थव्यवस्था की विकास गाथा/ (Record no. 199477)

MARC details
000 -LEADER
fixed length control field 00886nam a22001937a 4500
005 - DATE AND TIME OF LATEST TRANSACTION
control field 20231206122647.0
010 ## - LCCN (DPL NO)
LC control number HIN-126459
020 ## - INTERNATIONAL STANDARD BOOK NUMBER
International Standard Book Number 9789392715198
Terms of availability 595.00
035 ## - SYSTEM CONTROL NUMBER
System control number HN-98805
037 ## - SOURCE OF ACQUISITION
Source of stock number/acquisition DBAD/PUB
082 ## - DEWEY DECIMAL CLASSIFICATION NUMBER
Classification number 330.954
100 ## - MAIN ENTRY--PERSONAL NAME
Personal name वीरेन्द्र सिंह
245 ## - TITLE STATEMENT
Title भारतीय अर्थव्यवस्था की विकास गाथा/
Statement of responsibility, etc वीरेन्द्र सिंह
250 ## - EDITION STATEMENT
Edition statement प्रथम
260 ## - PUBLICATION, DISTRIBUTION, ETC. (IMPRINT)
Place of publication, distribution, etc दिल्ली
Name of publisher, distributor, etc ग्लोबल हारमनी पब्लिशर्स
Date of publication, distribution, etc 2023
270 ## - ADDRESS
City दिल्ली
Address 1376,अप्पर मैज्ज़ेनाइन फ्लोर, कश्मीरी गेट
Postal code 110006
300 ## - PHYSICAL DESCRIPTION
Extent 207पृ.;
Dimensions 23 से.मी.(सजिल्द)
942 ## - ADDED ENTRY ELEMENTS (KOHA)
Source of classification or shelving scheme Dewey Decimal Classification
Item type Hindi Books
Call number suffix वीरेन्द्र
Classification part 330.954
Holdings
Withdrawn status Lost status Not for loan Collection code Home library Current library Date acquired Source of acquisition Cost, normal purchase price Full call number Barcode Copy number Cost, replacement price Koha item type
      Non-fiction Vinoba Puri Vinoba Puri 05/12/2023 DBAD/PUB 595.00 वीरेन्द्र 330.954 HN-98805 1 595.00 Hindi Books

© Delhi Public Library
Hit Counter
free hit counter